Seno (Registro nro. 8750)
[ vista simple ]
| 000 -LÍDER | |
|---|---|
| fixed length control field | 00709nom a22002657a 4500 |
| 005 - FECHA DE ÚLTIMA TRANSACCION | |
| control field | 20220608180718.0 |
| 008 - ELEMENTOS DE DATOS - INFORMACIÓN GENERAL | |
| fixed length control field | 161205b xxu||||| |||| 00| 0 spa d |
| 041 ## - CÓDIGO DE LENGUAJE | |
| Código de idioma de texto / pista de sonido o título separado | SPA |
| 082 ## - NÚMERO DE ACTIVO | |
| N° Activo | Seno |
| 245 ## - TÍTULO | |
| Título | Seno |
| 260 ## - PUBLICACIÓN , DISTRIBUCIÓN, ETC. (PIE DE IMPRENTA ) | |
| Fecha de adqusición | 2016 |
| 300 ## - DESCRIPCIÓN FÍSICA | |
| Medidas | Tamaño normal |
| 500 ## - NOTA GENERAL | |
| Nota general | Se prestan para el mismo día, hasta las 7:50 pm |
| 650 ## - ASIENTO SECUNDARIO DE MATERIA - TÉRMINO DE MATERIA | |
| Término temático | SENOS |
| 650 ## - ASIENTO SECUNDARIO DE MATERIA - TÉRMINO DE MATERIA | |
| Término temático | DETECCIÓN DE CÁNCER |
| 650 ## - ASIENTO SECUNDARIO DE MATERIA - TÉRMINO DE MATERIA | |
| Término temático | MÚSCULO PECTORAL MAYOR |
| 650 ## - ASIENTO SECUNDARIO DE MATERIA - TÉRMINO DE MATERIA | |
| Término temático | LÓBULOS |
| 650 ## - ASIENTO SECUNDARIO DE MATERIA - TÉRMINO DE MATERIA | |
| Término temático | PEZÓN |
| 650 ## - ASIENTO SECUNDARIO DE MATERIA - TÉRMINO DE MATERIA | |
| Término temático | AREOLA MAMARIA |
| 650 ## - ASIENTO SECUNDARIO DE MATERIA - TÉRMINO DE MATERIA | |
| Término temático | CONDUCTO GALACTÓFORO |
| 650 ## - ASIENTO SECUNDARIO DE MATERIA - TÉRMINO DE MATERIA | |
| Término temático | TEJIDO ADIPOSO |
| 650 ## - ASIENTO SECUNDARIO DE MATERIA - TÉRMINO DE MATERIA | |
| Término temático | PIEL |
| 650 ## - ASIENTO SECUNDARIO DE MATERIA - TÉRMINO DE MATERIA | |
| Término temático | MODELOS ANATÓMICOS |
| 942 ## - AÑADIDO ENTRADA ELEMENTOS ( Koha ) | |
| Koha tipo de ítem | Modelo Anatómico |
| Withdrawn status | Estado | Estado físico | Not for loan | Precio de compra | Total Checkouts | Total Renewals | Clasificación | Número de inscripción | Date last seen | Date checked out | Tipo de ítem |
|---|---|---|---|---|---|---|---|---|---|---|---|
| 85000.00 | 3 | 1 | Seno | ACT-1963 | 20/09/2022 | 20/10/2017 | Modelo Anatómico |